Language Quiz

Random Language or Puzzle Quiz

Wild Word Spiral Quiz Stats

 Plays Quiz Updated Dec 21, 2017

Challenge
Share
Tweet
Embed
Score 0/162 Timer 12:00
2 Plays Today
% Correct
~START~
99%
drum rhythm
98.9%
~CHANGE~
94.8%
BEAT
94.8%
dinghy
94.8%
~ADD~
85.9%
brag
85.8%
BOAT
85.8%
~REMOVE~
83%
BOAST
82.9%
tobacco kiln
82.9%
~SCRAMBLE~
77.4%
horse food
77.3%
OAST
77.3%
~ADD~
76.9%
OATS
76.8%
jackets
76.8%
~REMOVE~
76.6%
COATS
76.4%
makeshift beds
76.4%
~SCRAMBLE~
76.3%
COTS
76.1%
price
76.2%
~CHANGE~
75.8%
~CHANGE~
75.7%
COAST
75.7%
way to cook meat
75.7%
ROAST
75.5%
bird perch
75.5%
~ADD~
75.4%
COST
75.2%
land near water
75.2%
~REMOVE~
70.2%
~SCRAMBLE~
70.2%
ROOST
70.1%
at tree bottom
70.1%
ROOT
70%
bull, en español
70%
~CHANGE~
70%
ripped, or Rip
69.8%
TORO
69.8%
~ADD~
66.7%
rose's defense
66.6%
TORN
66.6%
~REMOVE~
66.4%
~ADD~
66.4%
rhino's offense
66.3%
THORN
66.3%
shaven, as sheep
66.2%
HORN
66.2%
~CHANGE~
65.5%
~REMOVE~
65.5%
~SCRAMBLE~
65.5%
land near water
65.4%
% Correct
SHORN
65.4%
achy
65.3%
SHORE
65.3%
thorn's defendee
65.3%
SORE
65.3%
~CHANGE~
65.2%
~ADD~
65.1%
scent detector
65.1%
ROSE
65.1%
chaotic sound
64.9%
NOSE
64.9%
~CHANGE~
64.6%
gracefulness
64.5%
NOISE
64.5%
~ADD~
63.7%
~REMOVE~
63.6%
crew
63.5%
POSE
63.5%
stand for a photo
63.5%
POISE
63.5%
~CHANGE~
61.4%
out of style
61.2%
POSSE
61.2%
~SCRAMBLE~
57.8%
PASSE
57.7%
cathedral recesses
57.7%
~ADD~
51.2%
~REMOVE~
51.1%
APES
51%
cassettes
51%
pokes
50.9%
TAPES
50.9%
~CHANGE~
50.9%
~SCRAMBLE~
50.9%
TAPS
50.7%
ejected saliva
50.7%
SPAT
50.7%
practice karate
50.7%
~REMOVE~
49.7%
APSES
49.5%
primates
49.5%
~ADD~
48.9%
SPAR
48.7%
lance
48.7%
~CHANGE~
47%
PARE
46.8%
devoid of color
46.8%
~REMOVE~
46.6%
trim
46.5%
SPARE
46.5%
~SCRAMBLE~
46.2%
extra
46%
SPEAR
46%
~SCRAMBLE~
45.3%
% Correct
appeal
45.1%
PALE
45.1%
~CHANGE~
41.9%
~SCRAMBLE~
41.8%
~CHANGE~
41.7%
dog's enemy
41.7%
PLEA
41.7%
at tree top
41.6%
FLEA
41.6%
malleable metal
41.4%
LEAF
41.4%
~SCRAMBLE~
40.6%
broad valley
40.4%
LEAD
40.4%
~ADD~
40.3%
~CHANGE~
40.2%
'infernal' poet
40%
DATE
40%
dinner & movie
40%
DALE
40%
~REMOVE~
39%
~CHANGE~
39%
~ADD~
39%
~CHANGE~
38.8%
required bet
38.8%
DANTE
38.8%
ANTE
38.7%
picnic invaders
38.7%
ANTS
38.7%
desires
38.7%
WANTS
38.6%
blemishes
38.6%
~SCRAMBLE~
37.7%
WARTS
37.5%
horse bedding
37.5%
~CHANGE~
37.5%
STRAW
37.2%
homeless animal
37.2%
~CHANGE~
37.2%
~REMOVE~
37.2%
Kyrgyz- or Uzbeki-
36.9%
STRAY
36.9%
remain in place
36.9%
STAY
36.9%
~ADD~
36.9%
~CHANGE~
36.9%
carpet blotch
36.7%
STAN
36.7%
Toro's locale
36.7%
STAIN
36.7%
~ADD!!!~
35.3%
injured ligament
35%
SPAIN
35%
SPRAIN
34.8%

You're not logged in!

Compare scores with friends on all Sporcle quizzes.
Join for Free
OR
Log In

You Might Also Like...

Show Comments

Extras

Top Quizzes Today


Score Distribution

Your Account Isn't Verified!

In order to create a playlist on Sporcle, you need to verify the email address you used during registration. Go to your Sporcle Settings to finish the process.

Report this User

Report this user for behavior that violates our Community Guidelines.

Details: